[Event "Vladimir op-B"]
[Site "Vladimir"]
[Date "2009.08.26"]
[Round "7"]
[White "Sharbatian, Ruben"]
[Black "Kuprijanov, Anatoly"]
[Result "1-0"]
[WhiteElo "2140"]
[BlackElo "1912"]
[PlyCount "75"]
[EventDate "2009.08.19"]
[EventType "swiss"]
[EventRounds "9"]
[EventCountry "RUS"]
[SourceTitle "EXT 2012"]
[Source "ChessBase"]
[SourceDate "2011.11.24"]
[SourceVersion "1"]
[SourceVersionDate "2011.11.24"]
[SourceQuality "1"]

1. d4 d5 2. c4 c6 3. Nf3 Nf6 4. e3 e6 5. Nbd2 Nbd7 6. Bd3 Bd6 7. 0-0 0-0 8. Qc2 Qe7 9. e4 dxe4 10. Nxe4 Nxe4 11. Bxe4 h6 12. Re1 Kh8 13. a3 c5 14. b4 cxd4 15. c5 Bb8 16. Nxd4 Nf6 17. Bf3 Qc7 18. g3 Bd7 19. Bb2 a6 20. Rac1 Ba7 21. Nb3 Ba4 22. Be5 Qd7 23. Qc3 Ne8 24. Na5 Bc6 25. Red1 Qc8 26. Nxc6 bxc6 27. Qd2 f6 28. Bd6 Rf7 29. Qc2 Bb8 30. Qe4 Nxd6 31. cxd6 Raa7 32. Rxc6 Qd7 33. Qc4 Rf8 34. a4 a5 35. b5 Rd8 36. b6 Rb7 37. Rc7 Bxc7 38. dxc7 1-0

[Event "Vladimir op-B"]
[Site "Vladimir"]
[Date "2009.08.24"]
[Round "5"]
[White "Sharbatian, Ruben"]
[Black "Orava, Alexandra"]
[Result "1-0"]
[WhiteElo "2140"]
[BlackElo "1762"]
[PlyCount "33"]
[EventDate "2009.08.19"]
[EventType "swiss"]
[EventRounds "9"]
[EventCountry "RUS"]
[SourceTitle "EXT 2012"]
[Source "ChessBase"]
[SourceDate "2011.11.24"]
[SourceVersion "1"]
[SourceVersionDate "2011.11.24"]
[SourceQuality "1"]

1. d4 d5 2. c4 e5 3. dxe5 d4 4. Nf3 Nc6 5. g3 Bg4 6. Bg2 Qd7 7. 0-0 Nge7 8. Na3 Ng6 9. Bf4 0-0-0 10. Qa4 Nxf4 11. gxf4 Bh3 12. e6 Bxe6 13. Ne5 Nxe5 14. Qxa7 c6 15. fxe5 Be7 16. Qa8+ Kc7 17. Nb5+ 1-0